000 00753nam a22002177a 4500
003 UA-OsUOA
001 131979
007 ta
008 20180625b un ||||| |||| 00| 0 ukr d
100 _aКульчицький С.
090 _a94(477)
_bК90
942 _cSA
040 _aUA-OsUOA
_bukr
_cUA-OsUOA
_dUA-OsUOA
245 _aПід гаслом коренізації. Лєнінсько-сталінська політика українізації: хронологічні межі та реальна суть
300 _aС. 56-60
955 _a0
041 _aukr
080 _a94(477)
773 0 _w131978
_tУкраїнський тиждень
_dК.
_d2018
_g23
650 7 _a9 Географія. Біографії. Історія
_2UDC
999 _c420426
_d420426